La Sociología latinoamericana: su estado actual y su compromiso social

Guardado en:
書目詳細資料
主要作者: Reyna, José Luis
格式: Texto
出版: s.l: s.e.
標簽: 添加標簽
沒有標簽, 成為第一個標記此記錄!

MARC

LEADER 00000 a a2200000 04500
001 23579
003
040
090 |a 164900  
100 |a Reyna, José Luis  
245 |a La Sociología latinoamericana: su estado actual y su compromiso social  
260 |a s.l:   |b s.e.  
300 |a 54 p  
999 |c 5634  |d 5634